Official names of countries and disputed territories - Statistics

General Stats
  • This quiz has been taken 25 times
  • The average score is 49 of 203
Answer Stats
Hint Answer % Correct
Un United States of America
67%
Ca Canada
61%
Un United Arab Emirates
56%
Do Dominican Republic
39%
Ic Iceland
39%
Fi Republic of Finland
39%
Bo Bosnia and Herzegovina
33%
Fr French Republic
33%
Jo Hashemite Kingdom of Jordan
33%
Ir Ireland
33%
Ja Japan
33%
Es Kingdom of eSwatini
33%
Ch People's Republic of China
33%
Ab Republic of Abkhazia
33%
El Republic of El Salvador
33%
Es Republic of Estonia
33%
Re Republic of Korea
33%
La Republic of Latvia
33%
Li Republic of Lithuania
33%
Se Republic of Serbia
33%
So Republic of Somaliland
33%
Ga Republic of The Gambia
33%
So Solomon Islands
33%
Is State of Israel
33%
Pa State of Palestine
33%
Un United Kingdom of Great Britain and Northern Ireland
33%
Be Belize
28%
Cz Czech Republic
28%
De Democratic People's Republic of Korea
28%
De Democratic Republic of the Congo
28%
Mi Federated States of Micronesia
28%
Ge Georgia
28%
Hu Hungary
28%
Ir Islamic Republic of Iran
28%
Bh Kingdom of Bhutan
28%
De Kingdom of Denmark
28%
Le Kingdom of Lesotho
28%
Mo Kingdom of Morocco
28%
No Kingdom of Norway
28%
Sa Kingdom of Saudi Arabia
28%
Sp Kingdom of Spain
28%
Sw Kingdom of Sweden
28%
Ne Kingdom of the Netherlands
28%
Ky Kyrgyz Republic
28%
Ma Malaysia
28%
Mo Montenegro
28%
Ar Republic of Armenia
28%
Ta Republic of China
28%
Eq Republic of Equatorial Guinea
28%
Gh Republic of Ghana
28%
Gu Republic of Guatemala
28%
Gu Republic of Guinea
28%
Ho Republic of Honduras
28%
In Republic of India
28%
In Republic of Indonesia
28%
Ir Republic of Iraq
28%
Ka Republic of Kazakhstan
28%
Ke Republic of Kenya
28%
Ko Republic of Kosovo
28%
Mo Republic of Moldova
28%
Ni Republic of Nicaragua
28%
No Republic of North Macedonia
28%
Se Republic of Senegal
28%
Se Republic of Seychelles
28%
Si Republic of Singapore
28%
So Republic of South Africa
28%
So Republic of South Sudan
28%
Ta Republic of Tajikistan
28%
Tu Republic of Tunisia
28%
Tu Republic of Turkey
28%
Ye Republic of Yemen
28%
Za Republic of Zambia
28%
Zi Republic of Zimbabwe
28%
Ro Romania
28%
Ru Russian Federation
28%
Tu Turkmenistan
28%
Uk Ukraine
28%
Me United Mexican States
28%
Eg Arab Republic of Egypt
22%
Ve Bolivarian Republic of Venezuela
22%
Bu Burkina Faso
22%
Ce Central African Republic
22%
Gu Co-operative Republic of Guyana
22%
Ti Democratic Republic of Timor-Leste
22%
Sr Democratic Socialist Republic of Sri Lanka
22%
Et Federal Democratic Republic of Ethiopia
22%
Ge Federal Republic of Germany
22%
So Federal Republic of Somalia
22%
Ga Gabonese Republic
22%
Lu Grand Duchy of Luxembourg
22%
Gr Grenada
22%
Gr Hellenic Republic
22%
Af Islamic Republic of Afghanistan
22%
It Italian Republic
22%
Ja Jamaica
22%
Ba Kingdom of Bahrain
22%
Th Kingdom of Thailand
22%
To Kingdom of Tonga
22%
La Lao People's Democratic Republic
22%
Le Lebanese Republic
22%
Ne New Zealand
22%
Ur Oriental Republic of Uruguay
22%
An Principality of Andorra
22%
Li Principality of Liechtenstein
22%
An Republic of Angola
22%
Ar Republic of Artsakh
22%
Au Republic of Austria
22%
Az Republic of Azerbaijan
22%
Be Republic of Belarus
22%
Be Republic of Benin
22%
Bo Republic of Botswana
22%
Bu Republic of Bulgaria
22%
Bu Republic of Burundi
22%
Ca Republic of Cameroon
22%
Ca Republic of Cape Verde
22%
Co Republic of Côte d'Ivoire
22%
Cr Republic of Croatia
22%
Cy Republic of Cyprus
22%
Dj Republic of Djibouti
22%
Fi Republic of Fiji
22%
Gu Republic of Guinea-Bissau
22%
Ha Republic of Haiti
22%
Ki Republic of Kiribati
22%
Li Republic of Liberia
22%
Ma Republic of Madagascar
22%
Ma Republic of Malawi
22%
Ma Republic of Maldives
22%
Ma Republic of Malta
22%
Ma Republic of Mauritius
22%
Mo Republic of Mozambique
22%
Na Republic of Namibia
22%
Ni Republic of Niger
22%
Pa Republic of Palau
22%
Pa Republic of Panama
22%
Po Republic of Poland
22%
Rw Republic of Rwanda
22%
Sa Republic of San Marino
22%
Si Republic of Sierra Leone
22%
Su Republic of Suriname
22%
Re Republic of the Congo
22%
Ma Republic of the Marshall Islands
22%
Su Republic of the Sudan
22%
Tr Republic of Trinidad and Tobago
22%
Uz Republic of Uzbekistan
22%
Va Republic of Vanuatu
22%
Vi Socialist Republic of Vietnam
22%
Er State of Eritrea
22%
Ku State of Kuwait
22%
Li State of Libya
22%
Om Sultanate of Oman
22%
Sw Swiss Confederation
22%
Sy Syrian Arab Republic
22%
To Togolese Republic
22%
Tu Tuvalu
22%
Ug Uganda
22%
Ta United Republic of Tanzania
22%
An Antigua and Barbuda
17%
Ar Argentine Republic
17%
Ba Barbados
17%
Au Commonwealth of Australia
17%
Do Commonwealth of Dominica
17%
Ba Commonwealth of The Bahamas
17%
Sa Democratic Republic of São Tomé and Principe
17%
Ne Federal Democratic Republic of Nepal
17%
Sa Federation of Saint Christopher and Nevis
17%
Br Federative Republic of Brazil
17%
Pa Independent State of Papua New Guinea
17%
Sa Independent State of Samoa
17%
Ma Islamic Republic of Mauritania
17%
Pa Islamic Republic of Pakistan
17%
Be Kingdom of Belgium
17%
Ca Kingdom of Cambodia
17%
Mo Mongolia
17%
Ni Niue
17%
Al People's Democratic Republic of Algeria
17%
Ba People's Republic of Bangladesh
17%
Bo Plurinational State of Bolivia
17%
Po Portuguese Republic
17%
Tr Pridnestrovian Moldavian Republic
17%
Mo Principality of Monaco
17%
Ch Republic of Chad
17%
Ch Republic of Chile
17%
Cu Republic of Cuba
17%
Ec Republic of Ecuador
17%
Ma Republic of Mali
17%
Na Republic of Nauru
17%
Pa Republic of Paraguay
17%
Pe Republic of Peru
17%
Ph Republic of the Philippines
17%
My Republic of the Union of Myanmar
17%
Sa Saint Lucia
17%
Sa Saint Vincent and the Grenadines
17%
Sl Slovak Republic
17%
Qa State of Qatar
17%
Co Union of the Comoros
17%
Va Vatican City State
17%
Ni Federal Republic of Nigeria
11%
Br Nation of Brunei, the Abode of Peace
11%
Co Republic of Colombia
11%
Sa Sahrawi Arab Democratic Republic
11%
No Turkish Republic of Northern Cyprus
11%
So Republic of South Ossetia - the State of Alania
6%
Co Cook Islands
0%
No matching quizzes found
Score Distribution
Percent of People with Each Score
Percentile by Number Answered
Your Score History
You have not taken this quiz